[Event "COL pre olympic sf"]
[Site "Bogota"]
[Date "2016.05.29"]
[Round "7"]
[White "Garcia Palencia, Oliverio"]
[Black "Vanegas, Mateo de Jesus"]
[Result "0-1"]
[WhiteElo "1600"]
[BlackElo "1595"]
[PlyCount "40"]
[EventDate "2016.05.25"]
[EventType "swiss"]
[EventRounds "9"]
[EventCountry "COL"]
[SourceTitle "CBM 172 Extra"]
[Source "ChessBase"]
[SourceDate "2016.06.21"]
[SourceVersion "1"]
[SourceVersionDate "2016.06.21"]
[SourceQuality "1"]

1. d4 Nf6 2. c4 e5 3. d5 Bc5 4. Nc3 d6 5. e3 Nbd7 6. Nf3 0-0 7. g3 Bb4 8. Bd2 Nc5 9. a3 Bxc3 10. Bxc3 Bf5 11. Be2 Nfe4 12. Nh4 Nxc3 13. bxc3 Bh3 14. Bg4 Bxg4 15. Qxg4 Nd3+ 16. Ke2 Nc5 17. Nf5 g6 18. h4 h5 19. Nh6+ Kh7 20. Qg5 Ne4 0-1